LEADER 01004nam a2200253 u 4500 001 000000120029 003 CaOOAMICUS 005 20100216125952.0 008 100216t2009 it d u000 u ita u 020 $a978-88-348-9402-6 040 $aPUL$bita$dReb 100 1 $aPiga, Gustavo.$0(OLS)http://pul/name/66289 245 10$aLezioni di macroeconomia /$cGustavo Piga. 250 $a2. ed. 260 $aTorino :$bG. Giappichelli,$c©2009. 300 $ax, 529 p. :$bgrafici ;$c24 cm. 504 $aInclude riferimenti bibliografici ed indice. 650 4$aMacroeconomia.$0(OLS)http://pul/subject/25967 850 $aPUL 852 $aPUL$W1$xSL Diritto e Scienze Sociali 3$y79$m339 PIGGU 3$j137662$qDDC 21$B136785$CPULBib$Z2$F136785 $H112669 $82 941 1 $a9 996 $6020$a978-88-348-9402-6$9(OLS)http://pul/number/143293 996 $6245$aLezioni di macroeconomia$9(OLS)http://pul/title/136035 996 $6260$aTorino :$bG. Giappichelli$9(OLS)http://pul/publisher/49130 LEADER 01204nam a2200265 i 4500 001 000000139262 003 CaOOAMICUS 005 20140715115556.0 008 140715s2014 it rm u000 u ita c 040 $aPUL$bita 100 1 $aMarrollo, Marina Claudia.$0(OLS)http://pul/name/89802 245 12$aL'epilessia nella giurisprudenza rotale /$cMarina Claudia Marrollo. 260 $aRomae :$b[s.n.],$c2014. 300 $a156 p.$c24 cm 502 $aEstratto da Tesi di dottorato in Diritto Canonico--Pontificia Studiorum Universitas a S. Thoma Aq. in Urbe, 2014. 504 $aBibliografia: p.143-154. 650 4$aMatrimonio (diritto processuale canonico).$0(OLS)http://pul/subject/36330 650 4$aMatrimonio canonico$xImpedimenti.$0(OLS)http://pul/subject/1357 710 2 $aPontificia Universitą S. Tommaso.$bFacoltą di diritto canonico.$kTesi.$0(OLS)http://pul/name/82906 850 $aPUL 852 $aPUL$W1$xDP1 Tesi Pon. Univ. S. Tommaso$y44$m2014 C 5$j159989$qTesi$B160293$CPULBib$Z2$F160293 $82 941 1 $a16 996 $6245$aL'epilessia nella giurisprudenza rotale$9(OLS)http://pul/title/176310 996 $6260$aRomae :$b[s.n.]$9(OLS)http://pul/publisher/48223